000 00692nam a2200241Ia 4500
003 OSt
005 20220925204949.0
006 a|||||r|||| 00| 0
007 ta
008 220923b |||||||| |||| 00| 0 eng d
037 _cGeneral Book
040 _aRTL
_cRTL
_beng
041 _2eng
_aeng
082 _aY7, K9
100 _aPeter H R H Prince
_9269318
245 0 _aScience of anthropology
_b A series of lectures
260 _aHague
_bMouton Netherlands
_c1969
300 _a87p
_ccm.
490 _aStudies in General Anthropolog. Ed by David Bidney etc. 4
650 _aRace
942 _hY7, K9
_cGB
_2CC
999 _c550842
_d550842